Literacy and social development in the West : a reader

Bibliographic Details
Published in:Cambridge studies in oral and literate culture
Main Author: Graff, Harvey J. (ed.)
Content type: Book
Published: Cambridge: Univ. Pr. 1981
Series:Cambridge studies in oral and literate culture ;
Source:MPIPL_cat
_version_ 1863687004283207680
author2 Graff, Harvey J.
author2_role ed
author2_variant h j g hj hjg
author_facet Graff, Harvey J.
author_search Graff, Harvey J.
author_sort Graff, Harvey J.
callnumber-first 404.21-Lit/2
callnumber-label 404
callnumber-raw 404.21-LIT/2
callnumber-search 404.21-LIT/2
collection_details MPIPL
container_title Cambridge studies in oral and literate culture
dedup_id_str MPIPL_cat.PL0051207
dewey-hierarchy 0/[Unassigned]/
dewey-hierarchy_str 0/[Unassigned]/
first_indexed 2026-03-14T00:40:04Z
format 0/Buch/
format_str 0/Buch/
fullrecord <?xml version="1.0" encoding="UTF-8"?> <collection xmlns:xsi="http://www.w3.org/2001/XMLSchema-instance" xsi:schemaLocation="http://www.loc.gov/MARC21/slim http://www.loc.gov/standards/marcxml/schema/MARC21slim.xsd" xmlns="http://www.loc.gov/MARC21/slim"> <record> <leader>00000cam a2200000 ub4500</leader> <controlfield tag="001">PL0051207</controlfield> <controlfield tag="003">PLI01000000000000000050957</controlfield> <controlfield tag="005">00000000000000.0</controlfield> <controlfield tag="008"> ||| u </controlfield> <datafield tag="020" ind1=" " ind2=" "> <subfield code="a">0-521-23954-0</subfield> </datafield> <datafield tag="020" ind1=" " ind2=" "> <subfield code="a">9780521239547</subfield> </datafield> <datafield tag="090" ind1=" " ind2=" "> <subfield code="a">404.21-Lit/2</subfield> </datafield> <datafield tag="100" ind1="1" ind2=" "> <subfield code="a">Graff, Harvey J.</subfield> <subfield code="e">[ed.]</subfield> </datafield> <datafield tag="245" ind1="0" ind2="0"> <subfield code="a">Literacy and social development in the West</subfield> <subfield code="b">a reader</subfield> <subfield code="c">ed. by Harvey J. Graff</subfield> </datafield> <datafield tag="260" ind1=" " ind2=" "> <subfield code="a">Cambridge</subfield> <subfield code="b">Univ. Pr.</subfield> <subfield code="c">1981</subfield> </datafield> <datafield tag="300" ind1=" " ind2=" "> <subfield code="a">IX, 340 p.</subfield> </datafield> <datafield tag="989" ind1=" " ind2=" "> <subfield code="a">99-05c</subfield> </datafield> <datafield tag="490" ind1="0" ind2=" "> <subfield code="a">Cambridge studies in oral and literate culture ;</subfield> </datafield> <datafield tag="830" ind1=" " ind2="0"> <subfield code="w">PL0000945</subfield> </datafield> <datafield tag="852" ind1=" " ind2=" "> <subfield code="c">404.21-Lit/2</subfield> <subfield code="m">BOOK</subfield> </datafield> </record> </collection>
hierarchy_parent_id MPIPL_cat.PL0000945
hierarchy_parent_title Cambridge studies in oral and literate culture
id MPIPL_cat.PL0051207
illustrated Not Illustrated
institution MPIPL_cat
institution_str MPIPL_cat
isbn 9780521239547
0-521-23954-0
language und
language_str und
last_indexed 2026-04-27T23:41:36Z
local_fields 99-05c
online false
online_MPIPL_cat false
online_str false
physical IX, 340 p.
publishDate 1981
publishDate_str 1981
publisher Univ. Pr
record_format marc
series Cambridge studies in oral and literate culture
signature_search 404.21-Lit/2
spelling Graff, Harvey J.
ed.
Literacy and social development in the West
a reader
ed. by Harvey J. Graff
Cambridge
Univ. Pr
1981
IX, 340 p.
Cambridge studies in oral and literate culture
PL0000945
spellingShingle Literacy and social development in the West : a reader
Cambridge studies in oral and literate culture
title Literacy and social development in the West : a reader
title_full Literacy and social development in the West a reader ed. by Harvey J. Graff
title_fullStr Literacy and social development in the West a reader ed. by Harvey J. Graff
title_full_unstemmed Literacy and social development in the West a reader ed. by Harvey J. Graff
title_search Literacy and social development in the West a reader
Cambridge studies in oral and literate culture
title_short Literacy and social development in the West
title_sort literacy and social development in the west a reader ed by harvey j graff
title_sub a reader